[Event "XX Sant Marti Open 2018"]
[Site "Sant Marti"]
[Date "2018.07.18"]
[Round "6"]
[White "Aguero Jimenez, Luis Lazaro"]
[Black "Gorti, Akshita"]
[Result "1-0"]
[WhiteElo "2473"]
[BlackElo "2255"]
[Annotator "TA"]
[PlyCount "79"]
[EventDate "2018.07.13"]
[EventType "swiss"]
[EventCountry "ESP"]
[SourceTitle "playchess.com"]
[Source "ChessBase"]
[SourceQuality "1"]

{[%evp 25,79,145,139,54,62,39,186,106,81,52,56,64,64,51,52,60,57,21,23,29,42,27,26,31,26,30,32,-34,-37,-75,-66,-77,-70,-67,-78,-84,-30,-94,-65,-102,-12,-21,9,6,33,9,127,127,114,126,126,124,129,121,129,132]} 1. Nf3 Nf6 2. g3 d5 3. Bg2 Bg4 4. Ne5 Bh5 5. c4 c6 6. cxd5 cxd5 7. Qa4+ Nbd7 8. Nc3 e6 9. g4 Bg6 10. h4 Bd6 {A11: English Opening: 1...c6} 11. d4 h6 12. Nxg6 fxg6 13. g5 hxg5 {LiveBook: 3 Games} 14. Bxg5 $146 (14. hxg5 $16 Rxh1+ 15. Bxh1) ({Predecessor:} 14. hxg5 Rxh1+ 15. Bxh1 Nh5 16. Qc2 Nf8 17. Qb3 b6 18. Bd2 {1-0 (57) Hausrath,D (2496)-Hamblok,R (2257) Maastricht 2013}) 14... Qb6 $14 15. O-O-O O-O-O (15... Rc8 $14) 16. Kb1 (16. e4 $18) 16... Kb8 $16 17. e4 Rc8 {[#] Hoping for ...Rxc3.} 18. Qb5 dxe4 19. Qxb6 Nxb6 20. Nb5 Bc7 21. Bh3 Rhe8 22. Nxc7 Kxc7 23. Bf4+ Kd7 24. Rhg1 Nbd5 25. Be5 Ne7 26. h5 ({Better is} 26. d5 $14 Nfxd5 27. Bxg7) 26... Rh8 $15 27. Bf1 Rxh5 28. Bb5+ Kd8 29. Ba4 a6 30. Rde1 Rh4 (30... Rf5 $17 31. Rg2 g5) 31. Bb3 (31. Bd1 $11) 31... Kd7 32. f3 b5 ({Black should play} 32... exf3 $17 33. Bxf6 gxf6 34. Bxe6+ Kd8) 33. Bg3 Rh3 {[#] White must now prevent ...Nf5.} 34. fxe4 Rf8 35. Be5 a5 (35... Rh4 $11) 36. Rc1 $36 {[%mdl 2048] Rc7+ is the strong threat.White is better. White is really pushing.} Nxe4 37. Rc7+ Kd8 38. Bxe6 Rhf3 39. Rd7+ {[%mdl 1024] White has strong compensation.} Ke8 40. Rb7 {Precision: White = 54%, Black = 53%.} ({And not} 40. Bxg7 Rf1+ 41. Rxf1 Rxf1+ 42. Kc2 Ng5 $15) 1-0

[Event "XX Sant Marti Open 2018"]
[Site "Sant Marti"]
[Date "2018.07.18"]
[Round "6"]
[White "Miciano, John Marvin"]
[Black "Navarro Lopez-Menchero, Daniel"]
[Result "1-0"]
[WhiteElo "2411"]
[BlackElo "2297"]
[Annotator "TA"]
[PlyCount "127"]
[EventDate "2018.07.13"]
[EventType "swiss"]
[EventCountry "ESP"]
[SourceTitle "playchess.com"]
[Source "ChessBase"]
[SourceQuality "1"]

{[%evp 9,127,16,22,0,-1,-13,-6,-4,0,0,0,-12,-7,0,-8,-14,-1,-4,13,17,14,6,6,0,17,12,29,15,20,21,10,0,37,7,24,-8,-20,-18,81,83,128,141,142,131,488,470,484,472,443,345,439,423,1149,1130,1136,1060,1077,1034,1474,1432,1353,1402,12815,268,250,231,225,0,0,0,0,0,0,0,0,0,0,0,0,0,0,0,24,0,0,0,0,0,0,0,0,0,0,0,0,0,0,0,0,0,0,0,0,0,0,0,12839,12836,12843,12843,12844,12843,12843,12843,12845,12843,12845,12845,12850,12839]} 1. g3 d5 2. Bg2 Nf6 3. Nf3 Bg4 4. O-O Nbd7 5. d3 e6 {LiveBook: 92 Games} 6. c3 {A07: Réti Opening: New York and Capablanca Systems} (6. h3 Bh5 7. c4 Be7 8. Nc3 c6 9. Qb3 Nc5 10. Qc2 dxc4 11. dxc4 Bg6 12. Qd2 Qa5 13. Nd5 Qxd2 14. Nxf6+ Bxf6 15. Nxd2 {½-½ (48) Zhao,J (2604)-Laznicka,V (2647) Riadh 2017}) 6... Be7 7. Qc2 O-O 8. e4 $146 {The position is equal.} ({Predecessor:} 8. Nbd2 Rc8 9. h3 Bh5 10. g4 Bg6 11. Nh4 c5 12. f4 Ne8 13. Nxg6 hxg6 14. c4 Nb8 15. cxd5 exd5 16. Qb3 {0-1 (38) Bartel,M (2209)-Meinhardt,M (2324) Dresden 2005}) 8... c5 9. Nbd2 Rc8 10. Re1 b5 11. a4 a6 12. axb5 axb5 13. Nf1 c4 {aiming for ...Bxf3.} 14. exd5 $1 Nxd5 15. dxc4 bxc4 16. Ne3 Nxe3 17. Bxe3 Nc5 18. Ne5 $36 {[%mdl 2048] White has the initiative.} Bf5 19. Qe2 Nd3 20. Red1 Qe8 21. Bd4 Bc5 22. Bxc5 (22. Nxc4 $5 {[%cal Rd4c5]} Bxd4 23. Nd6 Bxf2+ 24. Kh1 $14) 22... Rxc5 23. Nxd3 Bxd3 {[#]} (23... cxd3 $11 {remains equal.} 24. Qd2 Qd7) 24. Qe3 $1 $16 {[%cal Re3c5]} Rc7 25. b4 Qd7 26. Be4 Rd8 $2 {[%mdl 8192] [#]} (26... h6 $16 {is a better chance.}) 27. Bxd3 $1 $18 cxd3 {[#]} 28. Rxd3 $1 {[%mdl 512]} Qc8 (28... Qxd3 29. Qxd3) 29. Rxd8+ Qxd8 {[%mdl 4096] Endgame KQR-KQR} 30. Qf3 g6 (30... Rc8 $142 31. b5 f5) 31. Ra8 Rc8 32. Rxc8 Qxc8 {KQ-KQ} 33. b5 {[%cal Bb4b5,Bb5b6][%mdl 32]} Qc4 34. b6 Qb5 35. b7 e5 36. c4 $2 (36. Qe4 Qb3 37. Qb4 Qd1+ 38. Kg2 Qd5+ 39. Kh3 Qd7+ 40. g4) 36... Qb1+ 37. Kg2 e4 38. Qe3 $2 ({White should try} 38. b8=R+ $18 Qxb8 39. Qxe4) 38... Qxb7 $11 39. h4 Qc6 40. c5 Kf8 41. Kh2 Ke7 42. Qd4 Ke6 43. Qc4+ Qd5 44. Qa6+ Ke5 45. Qa7 Qe6 46. Qb7 Qf5 47. Kg1 {Threatens to win with c6.} Qf3 48. Qe7+ Kd5 49. Qd6+ Kc4 50. c6 e3 $1 51. fxe3 Qxe3+ 52. Kf1 Qf3+ 53. Ke1 Qe3+ 54. Kd1 Qf3+ 55. Kd2 Qg2+ 56. Ke3 {And now c7 would win.} Qg1+ 57. Kf4 {Strongly threatening Kg5.} Qf2+ $2 {[%mdl 8192]} (57... Qc1+ $11 58. Kg4 h5+ 59. Kf3 Qf1+ 60. Ke4 Qe1+ 61. Kf3 Qf1+ 62. Ke4 Qb1+ 63. Kf3 Qh1+ 64. Kf2 Qh2+ 65. Kf3 Qh1+ 66. Kf2 Qh2+ 67. Ke3 Qg1+ 68. Kf3 Qf1+) 58. Kg5 $18 {White is clearly winning.} Qf5+ 59. Kh6 Kb5 60. c7 g5 61. hxg5 Ka5 62. Qc6 f6 63. Qxf6 Qd7 64. Qf3 {Precision: White = 62%, Black = 43%.} 1-0

[Event "XX Sant Marti Open 2018"]
[Site "Sant Marti"]
[Date "2018.07.18"]
[Round "6"]
[White "Ruiz Castillo, Joshua Daniel"]
[Black "Martinez Alcantara, Jose Eduardo"]
[Result "1/2-1/2"]
[WhiteElo "2410"]
[BlackElo "2545"]
[Annotator "TA"]
[PlyCount "25"]
[EventDate "2018.07.13"]
[EventType "swiss"]
[EventCountry "ESP"]
[SourceTitle "playchess.com"]
[Source "ChessBase"]
[SourceQuality "1"]

{[%evp 24,25,38,0]} 1. e4 e5 2. Nf3 Nc6 3. Bb5 a6 4. Ba4 Nf6 5. O-O Be7 6. Re1 b5 7. Bb3 d6 8. c3 O-O 9. h3 Bb7 10. d4 Re8 11. Ng5 $146 ({Vorgänger:} 11. a4 Bf8 12. Bg5 h6 13. Bxf6 Qxf6 14. Bd5 Rab8 15. Na3 exd4 16. axb5 axb5 17. cxd4 Nb4 18. Bxb7 Rxb7 19. d5 Na6 {1-0 (80) Sutovsky,E (2647)-Kovalev,V (2650) Poikovsky 2018}) 11... Rf8 12. Nf3 Re8 13. Ng5 {LiveBook: 2477 Partien. C92: Spanische Partie (Tschigorin-Variante)} 1/2-1/2

[Event "XX Sant Marti Open 2018"]
[Site "Sant Marti"]
[Date "2018.07.18"]
[Round "6"]
[White "Neelash Saha"]
[Black "Munoz, Miguel"]
[Result "1/2-1/2"]
[WhiteElo "2319"]
[BlackElo "2500"]
[Annotator "TA"]
[PlyCount "28"]
[EventDate "2018.07.13"]
[EventType "swiss"]
[EventCountry "ESP"]
[SourceTitle "playchess.com"]
[Source "ChessBase"]
[SourceQuality "1"]

{[%evp 9,28,34,32,23,51,52,52,31,43,-25,54,16,33,32,45,-10,-7,-12,-9,-18,-5]} 1. d4 Nf6 2. Bf4 c5 3. dxc5 Qa5+ (3... Nc6 4. Nc3 e5 5. Bg5 Bxc5 6. e3 Bb4 7. Nge2 d5 8. a3 Bxc3+ 9. Nxc3 Be6 10. Bb5 d4 11. Bxf6 Qxf6 {½-½ (42) Aronian,L (2799)-Kasparov,G (2812) Saint Louis 2017}) 4. Qd2 Qxc5 5. Nc3 g6 6. e4 {Nf3 is the strong threat. A45: Trompowsky Attack} Nc6 $146 ({Predecessor:} 6... Bg7 7. f3 d6 8. Be3 Qa5 9. Nb5 Qd8 10. e5 dxe5 11. Qxd8+ Kxd8 12. Bxa7 {0-1 (57) Ali Marandi,C (2538)-Liang,A (2570) Saint Louis 2018}) 7. O-O-O Bg7 8. f3 {White is slightly better.} d6 9. Bb5 ({White should try} 9. Be3 $14 Qa5 10. Kb1) 9... Bd7 (9... Nh5 $11 10. Bh6 O-O) 10. Be3 Qb4 11. Nge2 O-O 12. Nd4 (12. a3 $14 Qa5 13. Nf4) 12... Nxd4 $11 {The position is equal.} 13. Qxd4 Qa5 14. Qa4 $1 {[%cal Ra4a5]} Qxa4 1/2-1/2

[Event "XX Sant Marti Open 2018"]
[Site "Sant Marti"]
[Date "2018.07.18"]
[Round "6"]
[White "Cruz, Filemon"]
[Black "Fernandez Cardoso, Alexey"]
[Result "1-0"]
[WhiteElo "2314"]
[BlackElo "2439"]
[Annotator "TA"]
[PlyCount "75"]
[EventDate "2018.07.13"]
[EventType "swiss"]
[EventCountry "ESP"]
[SourceTitle "playchess.com"]
[Source "ChessBase"]
[SourceQuality "1"]

{[%evp 20,75,18,8,27,31,43,42,52,50,58,49,54,83,94,82,115,122,163,183,226,219,286,268,614,637,538,37,45,37,45,47,42,41,44,49,44,44,44,44,49,43,49,45,35,22,24,9,16,5,10,7,38,38,38,39,609,591]} 1. c4 g6 2. Nc3 Bg7 3. g3 d6 4. Bg2 e5 5. d3 f5 6. e3 Nf6 7. Nge2 O-O 8. O-O Nc6 9. Rb1 a5 10. a3 Ne7 11. f4 {LiveBook: 18 Games. A25: English Opening vs King's Indian with ...Nc6 but without early d3} exf4 12. Nxf4 c6 13. Bd2 $146 {White is slightly better.} ({Predecessor:} 13. b4 axb4 14. axb4 g5 15. Nfe2 h6 16. b5 c5 17. d4 Ng6 18. dxc5 dxc5 19. Qxd8 Rxd8 {½-½ (34) Medvegy,Z (2498)-Ovsejevitsch,S (2497) Budapest 2003}) 13... Qe8 14. Na4 Ra6 15. c5 d5 16. Nb6 g5 17. Nxc8 Nxc8 18. Nh3 Qg6 19. e4 $1 {[%cal Re4f5]} fxe4 20. Nxg5 {dxe4 is the strong threat.} Re8 21. dxe4 {Hoping for Bh3.} dxe4 $2 (21... h6) 22. Qb3+ $18 Nd5 23. Bxe4 $2 ({White should try} 23. Rbe1 $18 a4 24. Qc4) 23... Rxe4 $14 24. Qxb7 Ra7 $1 {[%cal Ra7b7]} 25. Qxc8+ Re8 26. Qf5 $1 Qxf5 27. Rxf5 a4 28. b4 axb3 29. Rxb3 {And now Ne6 would win.} Bd4+ 30. Kf1 Bxc5 31. Nf3 Bxa3 32. Rg5+ Kh8 33. Rd3 Bb2 34. Kg2 Re2+ 35. Kh3 {Threatens to win with Rb3.} Bg7 36. Nd4 Bxd4 37. Rxd4 Rd7 $2 {[%mdl 8192] [#]} (37... Ree7 $14) 38. Bc3 $1 {[%mdl 512] Precision: White = 67%, Black = 41%.} 1-0

[Event "XX Sant Marti Open 2018"]
[Site "Sant Marti"]
[Date "2018.07.19"]
[Round "7"]
[White "Martinez Alcantara, Jose Eduardo"]
[Black "Gonzales, Jayson"]
[Result "1-0"]
[WhiteElo "2545"]
[BlackElo "2367"]
[Annotator "TA"]
[PlyCount "35"]
[EventDate "2018.07.13"]
[EventType "swiss"]
[EventCountry "ESP"]
[SourceTitle "playchess.com"]
[Source "ChessBase"]
[SourceQuality "1"]

{[%evp 19,35,21,41,12,10,-10,0,-9,-6,-18,0,-1,0,-4,0,-9,318,308]} 1. e4 c6 2. d4 d5 3. e5 c5 4. dxc5 Nc6 5. Nf3 e6 6. a3 {B12: Caro-Kann: Advance Variation} Bxc5 7. b4 Bb6 8. Bb2 Nge7 9. Bd3 Ng6 10. O-O O-O {LiveBook: 11 Games} (10... Nf4 11. c4 O-O 12. Nc3 f6 13. exf6 Qxf6 {0-1 (21) Kryvoruchko,Y (2703)-Adhiban,B (2661) Sharjah 2018}) 11. c4 dxc4 12. Bxc4 Qc7 $146 {[%cal Rc6e5]} ({Predecessor:} 12... Qxd1 13. Rxd1 {½-½ (43) Sebag,M (2521)-Girya,O (2467) Khanty-Mansiysk 2012}) 13. Qe2 Rd8 $1 14. Nbd2 Bd4 15. Nxd4 Nxd4 16. Qe4 Qxe5 17. Rad1 Ne2+ $2 {[%mdl 8192] [#]} (17... Qxe4 $11 {and Black is okay.} 18. Nxe4 e5) 18. Qxe2 1-0

[Event "XX Sant Marti Open 2018"]
[Site "Sant Marti"]
[Date "2018.07.19"]
[Round "7"]
[White "Quesada Perez, Yasser"]
[Black "Alonso Rosell, Alvar"]
[Result "1/2-1/2"]
[WhiteElo "2531"]
[BlackElo "2523"]
[Annotator "TA"]
[PlyCount "58"]
[EventDate "2018.07.13"]
[EventType "swiss"]
[EventCountry "ESP"]
[SourceTitle "playchess.com"]
[Source "ChessBase"]
[SourceQuality "1"]

{[%evp 17,58,25,39,10,25,6,8,0,0,2,11,16,9,1,0,12,-3,0,0,-11,0,-11,-9,-8,4,0,0,0,1,0,1,0,0,0,4,1,4,0,22,0,0,0,0]} 1. e4 e5 2. Nf3 Nc6 3. Bb5 a6 4. Ba4 d6 5. O-O Bd7 6. c3 g6 7. d4 Bg7 8. dxe5 Nxe5 9. Nxe5 dxe5 {LiveBook: 66 Games} 10. Nd2 {C76: Ruy Lopez: Deferred Steinitz: 5 c3 Bd7 6 d4 g6} Nf6 11. Re1 O-O {The position is equal.} 12. Nf3 Re8 $146 ({Predecessor:} 12... Qe7 13. Bg5 Rfd8 14. Bxd7 Rxd7 15. Qb3 c6 16. Rad1 Rad8 17. h3 h6 18. Bxf6 Bxf6 {1-0 (62) Vasquez Schroder,R (2542)-Safarli,E (2660) Khanty-Mansiysk 2013}) 13. Bg5 {White wants to play Bxf6.} b5 14. Bb3 h6 15. Bxf6 Bxf6 16. Qd2 Kg7 17. Rad1 Bg4 18. Qe3 Qe7 19. h3 Bxf3 20. Qxf3 Rad8 21. Qe3 Rxd1 22. Rxd1 Rd8 23. Rxd8 Qxd8 24. Bd5 Qd6 25. Qa7 Qb6 26. Qxb6 cxb6 27. Kf1 a5 28. b4 Be7 29. Bc6 axb4 {Precision: White = 48%, Black = 67%.} 1/2-1/2

[Event "XX Sant Marti Open 2018"]
[Site "Sant Marti"]
[Date "2018.07.19"]
[Round "7"]
[White "Cuartas, Jaime Alexander"]
[Black "Pena Gomez, Manuel"]
[Result "1/2-1/2"]
[WhiteElo "2508"]
[BlackElo "2475"]
[Annotator "TA"]
[PlyCount "93"]
[EventDate "2018.07.13"]
[EventType "swiss"]
[EventCountry "ESP"]
[SourceTitle "playchess.com"]
[Source "ChessBase"]
[SourceQuality "1"]

{[%evp 19,93,0,0,-35,-16,-10,-9,-84,-11,-32,-35,-37,-31,-49,0,0,0,-91,-79,-84,-18,-22,-14,-18,0,-6,0,0,0,0,0,0,0,-13,0,0,0,-10,0,0,0,0,3,0,19,19,19,19,19,19,19,19,19,19,19,19,19,19,19,19,19,19,19,0,19,19,19,19,19,19,19,0,19,0,19,0]} 1. e4 {CB} c5 2. Nf3 d6 3. d4 Nf6 4. Nc3 cxd4 5. Nxd4 a6 6. Bc4 e6 7. Bb3 Nbd7 8. O-O Nc5 9. Re1 Be7 10. f4 O-O {LiveBook: 16 Games} 11. Kh1 {B86: Sicilian Scheveningen/Najdorf: 6 Bc4, without early ...b5} (11. e5 Ne8 12. Be3 Bd7 13. Bf2 Rc8 14. Ne4 Nxb3 15. axb3 dxe5 16. fxe5 f6 17. exf6 Nxf6 18. Bg3 Qb6 {0-1 (56) Ivanisevic,I (2638)-Cheparinov,I (2688) Minsk 2017 CBM 179 [Ftacnik,L]}) 11... Qc7 12. e5 Nfd7 $146 {[%cal Rd6e5]} ({Predecessor:} 12... dxe5 13. fxe5 Nfd7 14. Bf4 b5 15. Bd5 Bb7 16. Bxb7 Qxb7 17. Qg4 Rfe8 18. Bh6 {1-0 (45) Thorfinnsson,B (2435)-Ahmed,S (2359) Mallorca 2004 CBM 104 [CB]}) 13. Qe2 (13. exd6 $11 {keeps the balance.} Qxd6 14. Be3) 13... Rb8 ({Black should try} 13... dxe5 $17 14. fxe5 Rd8) 14. a3 Nxb3 15. cxb3 b5 16. b4 Bb7 17. exd6 $1 Bxd6 18. Qf2 (18. Rd1 $1 $11 {remains equal.}) 18... Nf6 $17 19. Nb3 Nd5 (19... Ng4 $17 20. Qe2 Nf6) 20. Nxd5 $1 $11 {The position is equal.} Bxd5 21. Nc5 Bxc5 22. bxc5 a5 23. b4 axb4 24. axb4 Ra8 25. Bb2 f6 26. Qg3 Qf7 27. Kg1 Rfd8 28. h3 Kf8 29. Qd3 Qg6 30. Qxg6 hxg6 31. Rxa8 (31. g3 {keeps more tension.} Rxa1 32. Rxa1 Be4 33. Bc3 Rd3 34. Be1) 31... Rxa8 32. Ra1 Rxa1+ 33. Bxa1 {[%mdl 4096] Endgame KB-KB} Bc6 34. g4 {[%cal Bg2g4,Bg4g5][%mdl 32]} Kf7 35. Kf2 Ke7 36. Kg3 Kf7 37. h4 Bd5 38. Bc3 Bc6 39. g5 Bd5 40. Kg4 Be4 41. Kg3 Bd5 42. Kf2 Bc6 43. Ke3 Ke7 44. Kd4 Kf7 45. Ke3 Ke7 46. Kd4 Kf7 47. Ke3 {Precision: White = 51%, Black = 56%.} 1/2-1/2

[Event "XX Sant Marti Open 2018"]
[Site "Sant Marti"]
[Date "2018.07.19"]
[Round "7"]
[White "Munoz, Miguel"]
[Black "Ruiz Castillo, Joshua Daniel"]
[Result "*"]
[WhiteElo "2500"]
[BlackElo "2410"]
[Annotator "TA"]
[PlyCount "49"]
[EventDate "2018.07.13"]
[EventType "swiss"]
[EventCountry "ESP"]
[SourceTitle "playchess.com"]
[Source "ChessBase"]
[SourceQuality "1"]

{[%evp 20,49,14,11,20,15,30,35,29,20,31,25,57,31,42,37,100,94,91,86,93,0,0,0,6,10,16,0,0,0,0,0]} 1. e4 c5 2. Nf3 d6 3. Bb5+ Nd7 4. d4 cxd4 5. Qxd4 a6 6. Bxd7+ Bxd7 7. c4 {B51: Sicilian: Moscow Variation (3 Bb5+) without 3...Bd7} Nf6 8. Bg5 Bc6 (8... e6 9. Nc3 Be7 10. e5 dxe5 11. Nxe5 O-O 12. Nxd7 Nxd7 13. Bxe7 Qxe7 14. Rd1 Nf6 15. O-O Rac8 16. b3 Qb4 17. Ne4 Nxe4 {½-½ (17) Kovalev,V (2650)-Nepomniachtchi,I (2751) Poikovsky 2018}) 9. Nc3 e6 10. O-O Be7 11. Rfe1 {LiveBook: 12 Games} O-O 12. Qd3 Qb8 $146 ({Predecessor:} 12... Rc8 13. Nd4 Qa5 {0-1 (36) Abdelnabbi,I (2380)-Antonio,R (2445) Novi Sad 1990}) 13. Nd5 Bxd5 $1 14. exd5 e5 15. c5 e4 16. Rxe4 $1 Nxe4 17. Qxe4 Bxg5 (17... Bd8 $14) 18. Nxg5 $16 {[%csl Gg5][%cal Re4h7]} g6 19. Qh4 {[%csl Gg5][%cal Rh4h7]} h5 {[#]} 20. Ne4 (20. g4 $1 $16) 20... dxc5 $11 {Strongly threatening ...Qe5.The position is equal.} 21. Qg5 Kg7 22. Qf6+ Kh7 $1 23. Qg5 Kg7 24. Qf6+ Kh7 $1 25. Qg5 {Precision: White = 72%, Black = 53%.} *

[Event "XX Sant Marti Open 2018"]
[Site "Sant Marti"]
[Date "2018.07.19"]
[Round "7"]
[White "Cori Quispe, Kevin Joel"]
[Black "Cruz, Filemon"]
[Result "1-0"]
[WhiteElo "2487"]
[BlackElo "2314"]
[Annotator "TA"]
[PlyCount "99"]
[EventDate "2018.07.13"]
[EventType "swiss"]
[EventCountry "ESP"]
[SourceTitle "playchess.com"]
[Source "ChessBase"]
[SourceQuality "1"]

{[%evp 20,99,14,0,30,24,9,14,20,28,25,42,54,3,44,37,63,32,95,76,77,81,116,112,99,103,115,99,102,124,116,117,114,94,181,169,209,200,238,237,238,238,314,257,251,0,0,0,0,0,0,7,137,105,114,79,339,-5,-4,-4,242,216,684,734,655,510,764,706,1060,1121,1073,1100,1106,1097,2610,2640,2481,2310,2362,2558,2468,2070]} 1. e4 e5 2. Nf3 Nc6 3. Bc4 Bc5 4. O-O Nf6 5. d3 d6 6. c3 O-O 7. a4 a6 8. Nbd2 Ba7 9. h3 Ne7 10. Re1 Ng6 {C54: Giuoco Piano: 4 c3 Nf6, main lines with 5 d4 and 5 d3} 11. Bb3 {LiveBook: 3 Games} (11. d4 {with more complications.} c6 12. Bd3 Nh5 13. Nc4 Nhf4 14. Bf1) 11... Be6 12. d4 Bxb3 {White has an edge.} 13. Qxb3 {[#]} Rb8 $146 ({Predecessor:} 13... Qd7 14. Nf1 exd4 15. cxd4 d5 16. e5 Ne4 17. N1d2 c5 18. Nxe4 dxe4 19. Rxe4 cxd4 {½-½ (46) Anand,V (2786)-Nakamura,H (2785) Stavanger 2017}) 14. Nf1 {[%cal Bd2f1,Bf1e3,Be3f5][%mdl 32]} Nh5 15. Ne3 Nhf4 16. Qc2 ({White should try} 16. Nf5 $14) 16... Re8 17. Nf5 h6 18. h4 Qf6 (18... Qd7 $14) 19. Be3 $16 {Threatens to win with dxe5.} Ra8 20. Rad1 Ne6 21. Qb3 exd4 22. cxd4 Bb6 23. Nxd6 cxd6 24. Qxb6 Nxh4 25. Nxh4 Qxh4 26. Qxb7 Rab8 (26... Nf8 $16) 27. Qxa6 $18 Qxe4 28. Qxd6 Rxb2 29. d5 Nf8 30. Qc6 Rc2 31. Qb5 Re5 32. a5 $2 (32. Qb3 $18) 32... Rh5 $11 33. Rd4 $1 {[%cal Rd4e4]} Qe5 34. f4 Qf6 $1 35. Re2 Rc8 (35... Rc1+ $1 $11 {remains equal.} 36. Bxc1 Qxd4+ 37. Be3 Qd1+ 38. Kf2 Rxd5) 36. a6 {And now a7 would win.} Qh4 37. a7 $1 $36 {[%mdl 2048] Ra4 is the strong threat. White is in control.} Qh2+ $2 {[%mdl 8192]} (37... Qh1+ $16 {was worth a try.} 38. Kf2 Rh2) 38. Kf1 $2 ({White has to play} 38. Kf2 $1 $18) 38... Qg3 $1 {( -> ...Rc1+!)} 39. Kg1 $1 {Strongly threatening Qb7.} Qh2+ $2 (39... Rh2 $11 40. Qb1 Ra8) 40. Kf2 $1 $18 ({Inferior is} 40. Kf1 Qg3 $17) 40... Rh3 $2 (40... Qh4+ 41. Kf3 f5) 41. Rc4 $1 {[%cal Rc4c8] White is clearly winning.} Rd8 42. Ra4 Qg3+ {[#]} 43. Kg1 $1 Qh2+ 44. Kf1 Qh1+ 45. Kf2 Rh2 46. Kg3 Rd6 47. f5 (47. a8=Q {[#] gets mated.} Rxg2+ $3 {[%mdl 512]} 48. Rxg2 Rg6+ 49. Kf2 Rxg2+ 50. Kf3 Rh2+ 51. Kg4 Qg2+ 52. Kf5 Rh5#) 47... Rh5 48. a8=Q {White wants to mate with Qxf8+.} Qh2+ 49. Kf2 {Qxf8+! would kill now.} Rxf5+ 50. Ke1 {Precision: White = 63%, Black = 27%.} 1-0

[Event "XX Sant Marti Open 2018"]
[Site "Sant Marti"]
[Date "2018.07.19"]
[Round "7"]
[White "Smirnov, Artem"]
[Black "Aguero Jimenez, Luis Lazaro"]
[Result "1-0"]
[WhiteElo "2405"]
[BlackElo "2473"]
[Annotator "TA"]
[PlyCount "98"]
[EventDate "2018.07.13"]
[EventType "swiss"]
[EventCountry "ESP"]
[SourceTitle "playchess.com"]
[Source "ChessBase"]
[SourceQuality "1"]

{[%evp 13,98,35,36,31,22,14,4,17,37,0,6,-35,-26,-26,-19,-30,-30,-25,-25,-144,-137,-142,0,0,0,0,32,32,35,23,29,34,25,26,43,43,43,35,43,31,33,35,37,35,43,39,22,0,0,0,0,0,0,0,0,0,0,0,0,0,0,-237,-237,-225,-185,-479,-479,-468,-436,-675,-597,-781,-739,-750,-683,-802,-589,-879,-828,-12841,-12841,-12847,-12843,-12848,-12848,-12849,-12849]} 1. Nf3 d5 2. g3 g6 3. Bg2 Bg7 4. d4 Nf6 5. O-O O-O 6. c3 c5 7. dxc5 a5 {LiveBook: 8 Games. D02: 1 d4 d5 2 Nf3 sidelines, including 2...Nf6 3 g3 and 2...Nf6 3 Bf4} (7... Nc6 8. b4 Ne4 9. a3 a5 10. Bb2 axb4 11. axb4 Rxa1 12. Bxa1 Nxb4 13. cxb4 Bxa1 14. Nd4 Nf6 15. e3 {1-0 (45) Rakhmanov,A (2653)-Cheparinov,I (2688) Izmir 2016}) 8. Ne5 Qc7 9. Nd3 e5 {The position is equal.} 10. Bg5 $146 ({Predecessor:} 10. Qa4 Bd7 11. Qh4 Be6 12. Bg5 Nfd7 13. Be7 Re8 14. Bd6 Qc8 15. g4 {1-0 (29) Rodriguez Uria,J (2226)-Oria Blasco,A Trevias 2003}) 10... Be6 11. Nd2 Nbd7 12. Bxf6 Nxf6 13. e3 Bf5 14. Qe2 e4 15. Nf4 Bg4 16. Nxd5 (16. Qb5 $11 {remains equal.}) 16... Bxe2 $17 17. Nxc7 {[#]} Bxf1 ({Black should try} 17... Rac8 $1 $17 18. Rfe1 Bd3) 18. Kxf1 Rac8 19. Nb5 Rxc5 20. a4 Rd8 21. Ke1 b6 22. Nxe4 Nxe4 23. Bxe4 f5 24. Bc2 Kf8 25. Bb3 Ke7 26. Ke2 Rcc8 27. h3 Be5 28. f4 Bd6 29. g4 Bc5 30. gxf5 gxf5 31. Rg1 {Threatens to win with Na7.} Kf6 32. Nd4 Re8 33. Kd2 Re7 34. Bc2 Bxd4 35. cxd4 $11 {[%mdl 4096] Endgame KRR-KRB} h6 36. h4 {Hoping for h5.} Rcc7 37. d5 $2 {[#]} (37. Bd3 $11) 37... Rg7 $1 $19 {[%cal Rg7g1]} 38. Rxg7 Rxg7 {KR-KB} 39. Kc3 $2 (39. d6) 39... Rg3 {Black is clearly winning.} 40. Kd4 Rg2 41. Bd3 (41. Kc3 $142 Re2 42. Kd3) 41... Rxb2 42. d6 Ke6 43. d7 Kxd7 44. Ke5 Rb3 45. Bxf5+ Ke7 46. e4 b5 47. axb5 Rxb5+ 48. Kd4 {[#]} Rxf5 $1 {[%mdl 512]} 49. exf5 Kf6 {[%mdl 32768] Precision: White = 49%, Black = 83%. . Sensor Board Error (Ke4/e5)?} 1-0

[Event "XX Sant Marti Open 2018"]
[Site "Sant Marti"]
[Date "2018.07.19"]
[Round "7"]
[White "Grafl, Florian"]
[Black "Oliva Castaneda, Kevel"]
[Result "1/2-1/2"]
[WhiteElo "2364"]
[BlackElo "2491"]
[Annotator "TA"]
[PlyCount "16"]
[EventDate "2018.07.13"]
[EventType "swiss"]
[EventCountry "ESP"]
[SourceTitle "playchess.com"]
[Source "ChessBase"]
[SourceQuality "1"]

{[%evp 13,16,17,16,20,40]} 1. Nc3 c5 2. Nf3 Nf6 3. d4 cxd4 4. Nxd4 d6 5. g3 g6 6. Bg2 Bg7 7. O-O {A46: 1 d4 Nf6 2 Nf3 e6: Torre, London and Colle Systems} O-O {LiveBook: 5 Games} 8. a4 Nbd7 $146 ({Predecessor:} 8... d5 9. Nb3 e6 10. e4 dxe4 11. Nxe4 Nd5 12. c4 Ne7 13. Bg5 Qxd1 14. Raxd1 {1-0 (60) Laxman,R (2416)-Singh,S (2145) Chennai 2017}) 1/2-1/2